| 000 | 00751nam a2200205Ia 4500 | ||
|---|---|---|---|
| 003 | GCL | ||
| 005 | 20240530103708.0 | ||
| 008 | 140319s9999 xx 000 0 ara d | ||
| 040 |
_aGCL / _cGCL |
||
| 082 | 0 | 4 |
_a330.1/ _bا م |
| 100 | 0 | _aاحمد فريد مصطفى | |
| 245 | 1 | 0 |
_aمبادئ علم الاقتصاد : _bالتحليل الجزئى و الكلى / _cاحمد فريد مصطفى، سهير محمد السيد حسن |
| 260 |
_aالقاهرة : _bمؤسسة شباب الجامعة ، _c1989 |
||
| 300 |
_a525 ص ؛ _c24 سم |
||
| 650 | 0 | 4 | _aالاقتصاد |
| 650 | 0 | 4 | _aالاسواق |
| 650 | 0 | 4 | _aالاقتصاد التحليلى |
| 700 | 0 |
_aسهير محمد السيد حسن _eمؤلف مشارك |
|
| 942 |
_2ddc _cBK |
||
| 999 |
_c41746 _d41746 |
||